Cheques (Registro nro. 1101)
[ vista simple ]
| 000 -LEADER | |
|---|---|
| fixed length control field | 01248 a2200253 4500 |
| 001 - CONTROL NUMBER | |
| control field | 23287 |
| 005 - DATE AND TIME OF LATEST TRANSACTION | |
| control field | 20260407155521.0 |
| 008 - FIXED-LENGTH DATA ELEMENTS--GENERAL INFORMATION | |
| fixed length control field | 260407a1997 arg spa d |
| 003 - CONTROL NUMBER IDENTIFIER | |
| control field | AR-UNSa-BCEJYS |
| 040 ## - CATALOGING SOURCE | |
| Original cataloging agency | AR-UNSa-BCEJYS |
| Language of cataloging | spa |
| Transcribing agency | AR-UNSa-BCEJYS |
| 080 ## - UNIVERSAL DECIMAL CLASSIFICATION NUMBER | |
| Universal Decimal Classification number | 347.748 |
| Common auxiliary subdivision | Cheques. Cheques cruzados. Cámaras de compensación |
| 020 ## - INTERNATIONAL STANDARD BOOK NUMBER | |
| International Standard Book Number | 950-14-0932-5 |
| 100 1# - MAIN ENTRY--PERSONAL NAME | |
| Personal name | Gómez Leo, Osvaldo R. |
| 245 10 - TITLE STATEMENT | |
| Title | Cheques |
| Name of part/section of a work | comentario de las leyes 24.452 y 24.760 |
| 250 ## - EDITION STATEMENT | |
| Edition statement | 2a. ed |
| 264 #1 - PRODUCTION, PUBLICATION, DISTRIBUTION, MANUFACTURE, AND COPYRIGHT NOTICE | |
| Place of production, publication, distribution, manufacture | Buenos Aires : |
| Name of producer, publisher, distributor, manufacturer | Depalma |
| Date of production, publication, distribution, manufacture, or copyright notice | 1997 |
| 300 ## - PHYSICAL DESCRIPTION | |
| Extent | xxx, 462 p. |
| Dimensions | 22 cm. |
| 505 ## - FORMATTED CONTENTS NOTE | |
| Formatted contents note | 1. Del cheque común - 2. De la trnsmisión - 3. De la presentación y del pago - 4. De los recurosos por falta de pago - 5. Del cheque cruzado - 6. Del cheque para acreditar en cuenta - 7. Del cheuque imputado - 8. Del cheque certificado - 9. Del cheque con la consulta no negociable - 10. Del aval - 11. Del cheque de pago diferido - 12. Disposiciones comunes - 13. Disposiciones complementarias. |
| 590 ## - LOCAL NOTE (RLIN) | |
| Local note | niveau_biblio:m niveau_hierar:0 |
| 650 ## - SUBJECT ADDED ENTRY--TOPICAL TERM | |
| Topical term or geographic name entry element | Ley 24.425<br/>Ley 24.760 |
| 650 ## - SUBJECT ADDED ENTRY--TOPICAL TERM | |
| Topical term or geographic name entry element | ley 24 425 ley 24 760 |
| 856 41 - ELECTRONIC LOCATION AND ACCESS | |
| Uniform Resource Identifier | <a href="https://biblioeco.unsa.edu.ar/pmb/images/libros/Cheques G?mez Leo, Osvaldo R. (1997).jpg">https://biblioeco.unsa.edu.ar/pmb/images/libros/Cheques G?mez Leo, Osvaldo R. (1997).jpg</a> |
| Link text | Imagen de portada |
| Electronic format type | image/jpeg |
| 942 ## - ADDED ENTRY ELEMENTS (KOHA) | |
| Koha item type | |
| Withdrawn status | Lost status | Damaged status | Not for loan | Home library | Current library | Shelving location | Date acquired | Total checkouts | Full call number | Barcode | Date last seen | Price effective from | Koha item type |
|---|---|---|---|---|---|---|---|---|---|---|---|---|---|
| Biblioteca Prof. Eusebio Cleto del Rey | Biblioteca Prof. Eusebio Cleto del Rey | 07/04/2026 | 347.748 G633c 2ed. | L70091 | 07/04/2026 | 07/04/2026 | Libro |